000 00374nam a2200157Ia 4500
100 _aVeerasamy/Bala D
650 _aJava
942 _cBK
366 _f27
245 _aIntroduction to Parallel and distributed computations through JAVA
260 _bPenram international
_c2013
082 _a5.133
_bVEE
300 _a808
546 _aENGLISH
_cComputers
999 _c31403
_d31403